00321nam a22001457a 4500003000400000008004100004020001800045082001600063100002000079245001400099250001500113260002500128300000800153650001400161OSt250421b |||||||| |||| 00| 0 eng d a9789386551979 a005.133 RAC aRAI,Som Prakash aCore Java a1st Rep Ed aNew DelhibBPBc2025 a575 aCore Java